1462 1866 1508 1051 1003 1579 1466 1430 1150 1892 1812 1369 1915 1561 1105 1919 1283 1882 1853 1799 1395 1798 1183 1306 1466 1529 1856 1022 1767 1303 1114 1440 1005 1190 1254 1715 1365 1512 1740 1883 1015 1483 1309 1642 1089 1950 1167 1602 1711 1031 1780 1616 1258 1694 1946 1204 1988 1833 1192 1374 1420 1485 1714 1761 1880 1390 1538 1805 1133 1795 1075 1040 1686 1360 1348 1160 1059 1356 1733 1196 1909 1271 1592 1243 1575 1806 1036 1713 1720 1600 1809 1837 1406 1640 1309 1751 1424 1664 1099 BCNSPRNW ULIB Ver.6.0+V

เปลี่ยนเป็นภาษาไทย

Change to English
 แสดงรายละเอียดบรรณานุกรม
  กลับหน้าหลัก

Brief Record : Get Marc (ISO 2709) : E-mail record : QR code < ปิดหน้าต่าง
LEADER : 00000nam 2200000uu 4500
001    13399123123
003     ULIB
008    140304s2009||||th 000 0 eng d
020    ^a9781605475189 (cloth : alk. paper)
040    ^abra
060 10 ^aWY154^bM889c 2009
100 1  ^aMorton, Patricia Gonce,^d1952-
245 00 ^aCritical care nursing :^ba holistic approach /^cPatricia Gonce Morton, Dorrie K. Fontaine
250    ^a9th ed.
260    ^aPhiladelphia :^bWolters Kluwer Health/Lippincott Williams & Wilkins,^cc2009
300    ^axxxiii, 1502 p. :^bcol. ill. ;^c29 cm. +^e1 CD-ROM (4 3/4 in.)
504    ^aIncludes bibliographical references and index
650  0 ^aIntensive care nursing.
650  0 ^aHolistic nursing.
650  2 ^aCritical Care.
650  2 ^aHolistic Nursing
700 1  ^aFontaine, Dorrie K.
945    ^p0^l0^i027425
999    ^aกมลทิพย์ ธนสารสุธี
รายการนี้ยังไม่มีแท็ก
คุณยังไม่ได้ล็อกอิน คุณสามารถมีกิจกรรมร่วมกับเว็บไซต์ได้ แต่ต้องล็อกอินก่อน ::
  ล็อกอิน

รายการสื่อสารสนเทศ

ลำดับที่ ประเภท เลขเรียก/บาร์โค้ด สถานที่ สถานะ
1. Book การพยาบาล
หนังสือสำรอง
สถานะ=หนังสือสำรอง
WY154 M889c 2009 ฉ.1 
  Barcode: 027425
ห้องสมุดวิทยาเขตสวรรค์ประชารักษ์
►หนังสือทั่วไป
บนชั้น

รายการใกล้เคียง
    หัวเรื่อง [Intensive care nursing.]
    หัวเรื่อง [Critical Care.]
    หัวเรื่อง [Holistic Nursing]

BibComment


ยังไม่เคยถูกคอมเมนท์

คอมเมนท์ทรัพยากรรายการนี้
  คอมเมนท์: Critical care nu..


 Copyright 2026. Bcnsprnw @Library